Christmas in Sugarcreek #4: a Christmas seasons in ... Read More
Available copies
- 3 of 3 copies available at LARL/NWRL Consortium. (Show)
- 2 of 2 copies available at Lake Agassiz Regional Library.
Current holds
0 current holds with 3 total copies.
Show Only Available Copies
| Location | Call Number / Copy Notes | Barcode | Shelving Location | Status | Due Date |
|---|---|---|---|---|---|
| Crookston Public Library | C GRA (Text) | 33500010625705 | Main | Available | - |
| Moorhead Public Library | C GRA (Text) | 33500010580298 | Main | Available | - |
Record details
- ISBN: 9780062089762
- ISBN: 0062089765
- ISBN: 9780062196408
- Physical Description: 239 p. ; 19 cm.
- Edition: 1st ed.
- Publisher: New York : Avon Inspire, c2011.
Content descriptions
| General Note: | Includes discussion questions. |
| Summary, etc.: | As the holidays approach, dutiful daughter Judith ... Read More |
Search for related items by subject
| Subject: | Amish > Fiction. Man-woman relationships > Fiction. Sugarcreek (Ohio) > Fiction. |
| Genre: | Love stories. Christmas stories. Christian fiction. |
Search for related items by series
| LDR | 01891cam a2200433Ia 4500 | ||
|---|---|---|---|
| 001 | 134125 | ||
| 003 | LARL_NWRL_CONSORTIUM | ||
| 005 | 20111103112210.0 | ||
| 008 | 110222s2011 nyu 000 1 eng d | ||
| 020 | . | ‡a9780062089762 | |
| 020 | . | ‡a0062089765 | |
| 020 | . | ‡a9780062196408 | |
| 035 | . | ‡a(OCoLC)704375216 | |
| 043 | . | ‡an-us-oh | |
| 082 | 0 | 4. | ‡a813/.6 ‡223 |
| 100 | 1 | . | ‡aGray, Shelley Shepard. ‡0(LARL_NWRL_CONSORTIUM)198279 |
| 245 | 1 | 0. | ‡aChristmas in Sugarcreek ‡n#4: ‡ba Christmas seasons in Sugarcreek novel / ‡cShelley Shepard Gray. |
| 250 | . | ‡a1st ed. | |
| 260 | . | ‡aNew York : ‡bAvon Inspire, ‡cc2011. | |
| 300 | . | ‡a239 p. ; ‡c19 cm. | |
| 490 | 0 | . | ‡aSeasons of Sugarcreek; ‡v4 |
| 500 | . | ‡aIncludes discussion questions. | |
| 520 | . | ‡aAs the holidays approach, dutiful daughter Judith Graber, feeling overwhelmed, overworked and under appreciated, is attracted to her father's new employee, Ben Knox, Sugarcreek's own "bad boy", but refuses to be another one of his conquests. | |
| 650 | 0. | ‡aAmish ‡vFiction. ‡0(LARL_NWRL_CONSORTIUM)163281 | |
| 650 | 0. | ‡aMan-woman relationships ‡vFiction. ‡0(LARL_NWRL_CONSORTIUM)165985 | |
| 651 | 0. | ‡aSugarcreek (Ohio) ‡vFiction. | |
| 655 | 7. | ‡aLove stories. ‡2gsafd | |
| 655 | 7. | ‡aChristmas stories. ‡2gsafd | |
| 655 | 0. | ‡aChristian fiction. | |
| 901 | . | ‡a134125 ‡bOCLC ‡c134125 ‡tbiblio | |

Add to basket
Permalink
Disable Highlighting